000 01025nam a2200265 a 4500
001 BRCA_851
005 20190320203157.0
008 710505s1975 enka---##b---#001-0#eng-#
020 _a9681613406
040 _aDLC
_cDLC
_dDLC
050 4 _aHC135
_b.B73 1975
100 1 _aBrading, David A.
_9853
245 1 0 _aMineros y comerciantes en el México borbónico, 1763-1810
_cD. A. Brading ; traducción de Roberto Gómez Ciriza.
260 _aMéxico
_bFCE
_c1975
300 _a498 p.
_bil., tablas, mapas
_c21 cm.
440 0 _aSección de obras de historia
_92841
500 _aIncluye índice analítico, índice de tablas, figuras, mapas e ilustraciones y glosario
500 _aTraducción de : Miners and merchants in Bourbon Mexico, 1763-1810
504 _aBibliografía : p. 469-478
651 4 _aMéxico
_xCondiciones económicas
_92842
651 4 _aMéxico
_xCondiciones sociales
_9810
651 4 _aMéxico
_xHistoria
_yColonia española, 1540-1810
_9394
700 1 _aGómez Ciriza, Roberto
_92843
942 _2lcc
_cB
999 _c746
_d746